01074 a2200193 45000010006000000050017000060080041000230030015000640400040000790800121001192450047002400200022002872640106003093000026004155050307004410410008007481000025007568560099007814544920260407155727.0260407a2017 arg spa dAR-UNSa-BCEJYS aAR-UNSa-BCEJYSbspacAR-UNSa-BCEJYS a342.7xDerechos fundamentales. Derechos humanos. Derechos y deberes de los ciudadanos (Derecho a la Salud, vivienda)10aEstudios acerca del derecho de la salud II a978-987-03-3400-2 1aBuenos Aires :bUniversidad de Buenos Aires. Facultad de Derecho. Departamento de Publicacionesc2017 axxxvi, 462 p.c24 cm. a1. Conceptos fundamentales del derecho de la salud - 2. Los derechos del paciente y la atención sanitaria - 3. Bioética, bioderecho e investigación en seres humanos - 4. Judicialización y conflictología sanitaria - 5. La salud y sus determinantes - 6. Los desafíos del derecho de la salud.  aspa1 aAizenberg, Marisa S.41uhttps://www.biblioeco.unsa.edu.ar/pmb/images/libros/L127108.jpgyImagen de portadaqimage/jpeg